Záujmy bez protikladov
Viceprezident Slovenskej sporiteľne Ing. Jozef Straško o reštrukturalizácii bankovníctva a stratégii finančnej politiky komerčných bánk na Slovensku. Banková stratégia Slovenskej sporiteľne.
Salvato in:
| Autore principale: | |
|---|---|
| Altri autori: | |
| Natura: | Capitolo di libro |
| Lingua: | slovacco |
| Soggetti: | |
| Tags: |
Nessun Tag, puoi essere il primo ad aggiungerne!!
|
MARC
| LEADER | 00000naa a2200000 4500 | ||
|---|---|---|---|
| 001 | r019491 | ||
| 005 | 20221213100043.3 | ||
| 041 | 0 | |a slo | |
| 044 | |a SK | ||
| 245 | 1 | 0 | |a Záujmy bez protikladov |c J. Straško, Emília Herzogová |
| 520 | |a Viceprezident Slovenskej sporiteľne Ing. Jozef Straško o reštrukturalizácii bankovníctva a stratégii finančnej politiky komerčných bánk na Slovensku. Banková stratégia Slovenskej sporiteľne. | ||
| 610 | 2 | 0 | |a Slovensko |
| 610 | 2 | 0 | |a 1989-1995 |
| 610 | 2 | 0 | |a sporiteľne |
| 610 | 2 | 0 | |a banky obchodné |
| 610 | 2 | 0 | |a Slovenská sporiteľňa, a.s. Bratislava |
| 610 | 2 | 0 | |a bankovníctvo |
| 610 | 2 | 0 | |a reštrukturalizácia |
| 100 | 1 | |a Straško, Jozef | |
| 700 | 1 | |a Herzogová, Emília | |